[Event "LUCOPEN 01st Op"]
[Site "Lille"]
[Date "2010.04.05"]
[Round "4.6"]
[White "Meijers, Viesturs"]
[Black "Nass, Emile"]
[Result "1-0"]
[WhiteElo "2476"]
[BlackElo "2221"]
[PlyCount "93"]
[EventDate "2010.04.??"]
[EventType "swiss"]
[EventRounds "7"]
[EventCountry "FRA"]
[WhiteTeamCountry "FRA"]
[BlackTeamCountry "FRA"]

1. c4 e6 2. b3 Nf6 3. Bb2 b6 4. Nf3 Bb7 5. e3 Be7 6. g3 O-O 7. Bg2 c5 8. O-O
Nc6 9. Qe2 Rc8 10. Rd1 Rc7 11. Nc3 d6 12. d4 cxd4 13. Nxd4 Nxd4 14. Rxd4 Bxg2
15. Kxg2 Qa8+ 16. Qf3 Qxf3+ 17. Kxf3 Rd8 18. Rad1 Ne8 19. e4 Bf6 20. R4d3 a6
21. Ke3 Rdc8 22. Na4 Bxb2 23. Nxb2 Kf8 24. a4 Ke7 25. f4 a5 26. R1d2 Rd7 27.
Nd1 Nc7 28. Nc3 Rcd8 29. Nb5 Na6 30. Nd4 Nb4 31. Rc3 Rc8 32. Nb5 Rc5 33. Rc1
Rc8 34. Rcd1 Rcd8 35. g4 Nc6 36. g5 Nb4 37. h4 Nc6 38. h5 Nb4 39. f5 Nc6 40.
Nxd6 Ne5 41. h6 f6 42. hxg7 fxg5 43. Nc8+ Rxc8 44. Rxd7+ Nxd7 45. Rxd7+ Kf6 46.
Rd6 Kxg7 47. Rxe6 1-0

[Event "LUCOPEN 01st Op"]
[Site "Lille"]
[Date "2010.04.05"]
[Round "4.8"]
[White "Okhotnik, Vladimir"]
[Black "De Lagontrie, Jean"]
[Result "1-0"]
[WhiteElo "2458"]
[BlackElo "1894"]
[PlyCount "81"]
[EventDate "2010.04.??"]
[EventType "swiss"]
[EventRounds "7"]
[EventCountry "FRA"]
[WhiteTeamCountry "FRA"]
[BlackTeamCountry "FRA"]

1. c4 e6 2. e4 c5 3. Nc3 Nc6 4. Nf3 d6 5. d4 cxd4 6. Nxd4 Nf6 7. Be2 Be7 8. O-O
O-O 9. Be3 a6 10. Rc1 Bd7 11. a3 Rc8 12. f3 Ne5 13. Qb3 Bc6 14. Rfd1 Qd7 15.
Qa2 Rfd8 16. b4 Qe8 17. h3 h6 18. f4 Ng6 19. Nxc6 bxc6 20. g3 Nd7 21. Bf1 c5
22. b5 a5 23. Na4 e5 24. f5 Ngf8 25. h4 Ra8 26. Qg2 Rab8 27. g4 Nb6 28. Nxb6
Rxb6 29. g5 hxg5 30. hxg5 g6 31. Be2 Ra8 32. f6 Bd8 33. Kf2 Nd7 34. Rh1 Nxf6
35. gxf6 Bxf6 36. Bg5 Bg7 37. Qh3 f6 38. Qh7+ Kf7 39. Qxg6+ Kxg6 40. Bh5+ Kxg5
41. Rcg1+ 1-0

[Event "LUCOPEN 01st Op"]
[Site "Lille"]
[Date "2010.04.05"]
[Round "4.10"]
[White "Giffard, Nicolas"]
[Black "Declercq, Jean"]
[Result "1-0"]
[WhiteElo "2361"]
[BlackElo "1850"]
[PlyCount "39"]
[EventDate "2010.04.??"]
[EventType "swiss"]
[EventRounds "7"]
[EventCountry "FRA"]
[WhiteTeamCountry "FRA"]
[BlackTeamCountry "FRA"]

1. d4 Nf6 2. c4 d5 3. cxd5 Nxd5 4. e4 Nf6 5. e5 Nd5 6. Bd3 e6 7. Nf3 c5 8. dxc5
Bxc5 9. O-O h6 10. a3 Bd7 11. Qe2 Qb6 12. Qe4 Bb5 13. Bxb5+ Qxb5 14. Qg4 Rg8
15. b4 Bb6 16. Bxh6 Nd7 17. Bg5 Rc8 18. Nbd2 Ne7 19. Ne4 Nf5 20. Qxf5 1-0

[Event "Massy Op"]
[Site "Massy"]
[Date "10.06.27"]
[Round "?"]
[White "Demetz , Yves"]
[Black "Guilleux, Fabien"]
[Result "0-1"]
[WhiteElo "1833"]
[BlackElo "2394"]
[PlyCount "48"]
[EventDate "2010.06.??"]
[EventType "swiss"]
[EventRounds "7"]
[EventCountry "FRA"]
[WhiteTeamCountry "FRA"]
[BlackTeamCountry "FRA"]

1. e4 c5 2. c3 Nf6 3. e5 Nd5 4. d4 cxd4 5. cxd4 d6 6. f4 Nc6 7. Nc3 dxe5 8.
fxe5 Bf5 9. Qf3 e6 10. Nxd5 Nxd4 11. Bb5+ Nxb5 12. Ne3 Qh4+ 13. g3 Qe4 14. Kf2
Bc5 15. Ne2 Qxe5 16. Qxb7 Bxe3+ 17. Bxe3 Be4 18. Qa6 Bxh1 19. Rxh1 O-O 20. a4
Nc7 21. Qc4 Nd5 22. Bd4 Qf5+ 23. Kg2 Qe4+ 24. Kh3 Ne3 0-1

[Event "Massy Op"]
[Site "Massy"]
[Date "10.06.27"]
[Round "?"]
[White "Saunier, Jean Francois"]
[Black "Msellek, Ilyass"]
[Result "0-1"]
[WhiteElo "1729"]
[BlackElo "2024"]
[PlyCount "70"]
[EventDate "2010.06.??"]
[EventType "swiss"]
[EventRounds "7"]
[EventCountry "FRA"]
[WhiteTeamCountry "FRA"]
[BlackTeamCountry "FRA"]

1. e4 c5 2. Nf3 d6 3. d4 cxd4 4. Nxd4 Nf6 5. Nc3 a6 6. Bg5 e6 7. Qd2 h6 8. Bxf6
Qxf6 9. Be2 Nc6 10. Nxc6 bxc6 11. O-O Qd8 12. Rfe1 Be7 13. Bf1 O-O 14. Rad1 d5
15. exd5 cxd5 16. Qe3 Bf6 17. Qg3 Bb7 18. Kh1 Rc8 19. Bd3 Qa5 20. f3 Qb6 21.
Rb1 e5 22. Nd1 Qd4 23. Qf2 e4 24. Qxd4 Bxd4 25. fxe4 dxe4 26. Be2 Rxc2 27. Nc3
Rc8 28. Bf1 f5 29. Red1 Rd8 30. Ne2 Bf6 31. Nf4 Rxd1 32. Rxd1 Bxb2 33. Be2 Be5
34. Ng6 Rxe2 35. Nxe5 e3 0-1

[Event "Massy Op"]
[Site "Massy"]
[Date "10.06.27"]
[Round "?"]
[White "Trommsdorf, Fro"]
[Black "Mousset Evtouchenko, Nina"]
[Result "1-0"]
[WhiteElo "2069"]
[BlackElo "1735"]
[PlyCount "93"]
[EventDate "2010.06.??"]
[EventType "swiss"]
[EventRounds "7"]
[EventCountry "FRA"]
[WhiteTeamCountry "FRA"]
[BlackTeamCountry "FRA"]

1. d4 Nf6 2. Nf3 e6 3. c4 c5 4. d5 exd5 5. cxd5 d6 6. Nc3 g6 7. e4 Bg7 8. Bd3
O-O 9. O-O Bg4 10. h3 Bxf3 11. Qxf3 Nbd7 12. Bf4 Ne5 13. Qd1 Nfd7 14. Be2 a6
15. a4 Rc8 16. Be3 Nb6 17. Qb3 Qc7 18. f4 Ned7 19. a5 Na8 20. Bc4 Kh8 21. Qd1
Qd8 22. Qd2 Nc7 23. Kh1 f5 24. exf5 gxf5 25. Bf2 Qf6 26. Rae1 Rce8 27. Rxe8
Rxe8 28. Re1 Qg6 29. Rxe8+ Qxe8 30. Qc2 Qh5 31. Qb3 Bxc3 32. bxc3 Qe8 33. Qxb7
Qb8 34. Qxb8+ Nxb8 35. Bh4 Kg7 36. Bd8 Nb5 37. Bxb5 axb5 38. Bc7 Na6 39. Bxd6
Kf6 40. g4 Kg6 41. Kg2 Kf6 42. Kf3 Kg6 43. Ke3 h5 44. gxh5+ Kxh5 45. Bxc5 Nxc5
46. d6 Kh4 47. a6 1-0

[Event "Massy Op"]
[Site "Massy"]
[Date "10.06.27"]
[Round "?"]
[White "Nguyen, Vincent"]
[Black "Pernet, Roger"]
[Result "1-0"]
[WhiteElo "2211"]
[BlackElo "1804"]
[PlyCount "91"]
[EventDate "2010.06.??"]
[EventType "swiss"]
[EventRounds "7"]
[EventCountry "FRA"]
[WhiteTeamCountry "FRA"]
[BlackTeamCountry "FRA"]

1. f4 Nf6 2. Nf3 g6 3. b3 Bg7 4. Bb2 O-O 5. e3 d5 6. Be2 c5 7. O-O Nc6 8. Ne5
d4 9. Nxc6 bxc6 10. Na3 h5 11. Nc4 Ng4 12. h3 Nh6 13. Bf3 Qc7 14. Ne5 dxe3 15.
dxe3 Nf5 16. Qe1 Ba6 17. c4 Rad8 18. Bc3 Rd6 19. Be4 Bc8 20. Bc2 Bf6 21. Nf3
Bxc3 22. Qxc3 Rfd8 23. Kf2 f6 24. Rad1 Kf7 25. Rxd6 exd6 26. e4 Ne7 27. e5 d5
28. exf6 d4 29. Qe1 Nf5 30. Bxf5 Bxf5 31. Qe5 Qxe5 32. fxe5 d3 33. Rd1 Ke8 34.
Rd2 a5 35. Ke3 a4 36. Nh4 axb3 37. Nxf5 gxf5 38. axb3 Rd4 39. Rxd3 Re4+ 40. Kf3
Rxe5 41. Re3 Rxe3+ 42. Kxe3 Kf7 43. Kf4 Kxf6 44. h4 Ke6 45. Kg5 Ke5 46. g3 1-0

[Event "Massy Op"]
[Site "Massy"]
[Date "10.06.27"]
[Round "?"]
[White "Perolle, Guy"]
[Black "Pommier, Eugene"]
[Result "1-0"]
[WhiteElo "1693"]
[BlackElo "1511"]
[PlyCount "90"]
[EventDate "2010.06.??"]
[EventType "swiss"]
[EventRounds "7"]
[EventCountry "FRA"]
[WhiteTeamCountry "FRA"]
[BlackTeamCountry "FRA"]

1. f4 d5 2. Nf3 c5 3. b3 Nc6 4. Bb2 Nf6 5. e3 g6 6. Be2 Bg7 7. O-O O-O 8. h3
Ne8 9. Bxg7 Nxg7 10. c3 Nf5 11. Kh2 f6 12. Na3 a6 13. Nc2 Qc7 14. d4 cxd4 15.
cxd4 Nd6 16. Nd2 f5 17. Rc1 Ne4 18. Nb4 Qd6 19. Nxc6 bxc6 20. Nf3 Bb7 21. Ne5
Rac8 22. Nd3 c5 23. dxc5 Nxc5 24. Ne5 Nd7 25. Nf3 Rxc1 26. Qxc1 Rc8 27. Qb2 h6
28. b4 Qb6 29. Nd4 Qf6 30. Qd2 e5 31. Nb3 exf4 32. exf4 Qc3 33. Rd1 Qxd2 34.
Rxd2 Rc7 35. Na5 Bc8 36. Rxd5 Rc2 37. Bc4 Nb6 38. Rd8+ Kg7 39. Bb3 Re2 40. Rd6
Nd7 41. Rc6 Re8 42. Nc4 Rf8 43. Rc7 Rd8 44. Nb6 Kf8 45. Nxc8 Nb8 1-0

[Event "Massy Op"]
[Site "Massy"]
[Date "10.06.27"]
[Round "?"]
[White "Lavabre, Fabien"]
[Black "Dean, Pietro"]
[Result "1-0"]
[WhiteElo "2236"]
[BlackElo "1479"]
[PlyCount "81"]
[EventDate "2010.06.??"]
[EventType "swiss"]
[EventRounds "7"]
[EventCountry "FRA"]
[WhiteTeamCountry "FRA"]
[BlackTeamCountry "FRA"]

1. e4 c5 2. Nc3 g6 3. g3 Bg7 4. Bg2 Nc6 5. d3 Nf6 6. Be3 d6 7. h3 O-O 8. Nge2
e5 9. Qd2 Nd4 10. Nd1 Nxe2 11. Qxe2 Qa5+ 12. c3 Be6 13. O-O Qd8 14. Kh2 Rb8 15.
f4 exf4 16. gxf4 b6 17. d4 Qc7 18. d5 Bc8 19. Nf2 a6 20. Rad1 Ne8 21. f5 Be5+
22. Kh1 gxf5 23. Nd3 f6 24. exf5 Kh8 25. Be4 Qf7 26. Rg1 Ng7 27. Bh6 Rg8 28.
Qf3 Bd7 29. Nf2 Nh5 30. Ng4 Be8 31. Rg2 Qe7 32. Rdg1 Ng7 33. Nxe5 dxe5 34. Rxg7
Rxg7 35. Bxg7+ Qxg7 36. Rxg7 Kxg7 37. Qg4+ Kf7 38. d6 Kf8 39. Bd5 Bf7 40. Be6
Rd8 41. d7 1-0

[Event "Massy Op"]
[Site "Massy"]
[Date "10.06.27"]
[Round "?"]
[White "Debray, Christopher"]
[Black "Bounya, Myriam"]
[Result "1-0"]
[WhiteElo "2377"]
[BlackElo "1812"]
[PlyCount "101"]
[EventDate "2010.06.??"]
[EventType "swiss"]
[EventRounds "7"]
[EventCountry "FRA"]
[WhiteTeamCountry "FRA"]
[BlackTeamCountry "FRA"]

1. Nf3 Nf6 2. d4 c5 3. d5 g6 4. c4 b5 5. cxb5 a6 6. bxa6 Bxa6 7. b3 Bg7 8. Bb2
Qb6 9. Qc2 O-O 10. Nc3 d6 11. g3 Nbd7 12. Bh3 Bb7 13. O-O Rfe8 14. Nd2 Qd8 15.
Nc4 Nb6 16. Nxb6 Qxb6 17. e4 e6 18. dxe6 fxe6 19. Bg2 Qc6 20. Rfd1 Ng4 21. h3
Ne5 22. a4 Rf8 23. Nb5 Nf3+ 24. Bxf3 Rxf3 25. Bxg7 Kxg7 26. Rxd6 Qxe4 27. Qxe4
Bxe4 28. Nc7 Rc8 29. Nxe6+ Kh6 30. Re1 Bc2 31. Rc1 Bxb3 32. Nd4 Rcf8 33. Nxf3
Rxf3 34. Rxc5 Bxa4 35. Rd4 Be8 36. Rh4+ Kg7 37. Rc7+ Rf7 38. Rxf7+ Bxf7 39. Rb4
Bd5 40. f4 h5 41. Rb6 Be4 42. g4 hxg4 43. hxg4 Bf3 44. g5 Be4 45. Kf2 Bf5 46.
Ke3 Kf7 47. Kd4 Kf8 48. Ke5 Ke7 49. Rb7+ Kf8 50. Kf6 Kg8 51. Rg7+ 1-0

[Event "Massy Op"]
[Site "Massy"]
[Date "10.06.27"]
[Round "?"]
[White "Bastin, Eugene"]
[Black "Doucin, Paul"]
[Result "0-1"]
[WhiteElo "1489"]
[BlackElo "1692"]
[PlyCount "60"]
[EventDate "2010.06.??"]
[EventType "swiss"]
[EventRounds "7"]
[EventCountry "FRA"]
[WhiteTeamCountry "FRA"]
[BlackTeamCountry "FRA"]

1. c4 Nf6 2. Nc3 g6 3. e4 d6 4. Be2 Bg7 5. Nf3 O-O 6. O-O e5 7. d3 Nbd7 8. h3
Nh5 9. b4 Nf4 10. Be3 Nxe2+ 11. Qxe2 f5 12. Bg5 Bf6 13. Qd2 f4 14. Bxf6 Nxf6
15. Rfc1 Bd7 16. Rc2 Kh8 17. d4 Bc6 18. Re1 Qe8 19. b5 Bd7 20. dxe5 dxe5 21.
Na4 b6 22. Qc3 Kg8 23. Nxe5 Bc8 24. Rce2 Bb7 25. f3 a6 26. Nd3 axb5 27. Nxb6
cxb6 28. Nxf4 Rc8 29. Nd5 Qe6 30. Rb1 Nxd5 0-1

[Event "Massy Op"]
[Site "Massy"]
[Date "10.06.27"]
[Round "?"]
[White "Frere,  Bruno"]
[Black "Aurel, Luc"]
[Result "0-1"]
[WhiteElo "1797"]
[BlackElo "2185"]
[PlyCount "86"]
[EventDate "2010.06.??"]
[EventType "swiss"]
[EventRounds "7"]
[EventCountry "FRA"]
[WhiteTeamCountry "FRA"]
[BlackTeamCountry "FRA"]

1. e4 d6 2. f4 c6 3. Nf3 d5 4. e5 h5 5. d4 g6 6. Bd3 Nh6 7. Nc3 Bf5 8. Bxf5
Nxf5 9. Qd3 e6 10. Bd2 Nd7 11. O-O-O b5 12. h3 h4 13. Ng5 Nb6 14. b3 Nc4 15.
Nb1 Nxd2 16. Qxd2 a5 17. Qc3 Qb6 18. Rd3 c5 19. dxc5 Bxc5 20. Rf1 Rc8 21. Qe1
Ke7 22. Kb2 Ne3 23. Rxe3 Bxe3 24. Rf3 Bc5 25. Rd3 b4 26. Nd2 Bd4+ 27. Kb1 Rc3
28. Ndf3 Rxd3 29. cxd3 Qc5 30. Nxd4 Qxd4 31. Qd2 Rc8 32. Nf3 Qc3 33. Qd1 Rb8
34. Nxh4 a4 35. Nf3 a3 36. Qc2 Rc8 37. Qxc3 Rxc3 38. Ne1 Kf8 39. g4 Kg7 40. h4
Kh6 41. Nc2 Rxd3 42. Nxb4 Rd4 43. Nc2 Rd1# 0-1

[Event "Massy Op"]
[Site "Massy"]
[Date "10.06.27"]
[Round "?"]
[White "Ghersi , Kader"]
[Black "Veron, Cyprien"]
[Result "0-1"]
[WhiteElo "1759"]
[BlackElo "2087"]
[PlyCount "80"]
[EventDate "2010.06.??"]
[EventType "swiss"]
[EventRounds "7"]
[EventCountry "FRA"]
[WhiteTeamCountry "FRA"]
[BlackTeamCountry "FRA"]

1. e4 e5 2. Nf3 Nc6 3. d4 exd4 4. Bc4 Nf6 5. e5 d5 6. Bb5 Ne4 7. Nxd4 Bd7 8.
Bxc6 bxc6 9. Be3 c5 10. Nb3 d4 11. Bf4 Bb5 12. N1d2 Ng5 13. Bxg5 Qxg5 14. Qf3
Qxe5+ 15. Kd1 O-O-O 16. Qxf7 Be2+ 17. Kc1 Rd7 18. f4 Qe3 19. Qf5 g6 20. Qe4
Qxe4 21. Nxe4 c4 22. Nbd2 c3 23. bxc3 Ba3+ 24. Kb1 dxc3 25. Nb3 Bb2 26. a4 Rf8
27. Ra2 Rxf4 28. Ng3 Bf1 29. Nc1 Bxg2 30. Re1 Bd5 31. Nb3 Bxb3 32. cxb3 Rd2 33.
Re2 Rxe2 34. Nxe2 Rf1+ 35. Kc2 Rf2 36. Kd3 Rxh2 37. Nxc3 Rh3+ 38. Kc4 Rxc3+ 39.
Kb4 a5+ 40. Kxa5 Rxb3 0-1

[Event "Massy Op"]
[Site "Massy"]
[Date "10.06.27"]
[Round "?"]
[White "Legrand, Stephane"]
[Black "Legrand , Francoise"]
[Result "1-0"]
[WhiteElo "2129"]
[BlackElo "1763"]
[PlyCount "67"]
[EventDate "2010.06.??"]
[EventType "swiss"]
[EventRounds "7"]
[EventCountry "FRA"]
[WhiteTeamCountry "FRA"]
[BlackTeamCountry "FRA"]

1. d4 d6 2. Nf3 Nf6 3. c4 Nbd7 4. g3 e5 5. Bg2 c6 6. O-O Be7 7. Nc3 O-O 8. Qc2
b6 9. b3 Qc7 10. Bb2 Re8 11. Rfd1 Bb7 12. dxe5 dxe5 13. a3 a6 14. b4 c5 15. b5
Rad8 16. Ng5 Bxg2 17. Kxg2 Qb7+ 18. Kg1 h6 19. Nge4 axb5 20. Nxf6+ Nxf6 21.
Nxb5 Rxd1+ 22. Rxd1 Bf8 23. Qf5 Qe4 24. Qxe4 Nxe4 25. Rd7 f6 26. f3 Ng5 27. Rb7
Rd8 28. h4 Nxf3+ 29. exf3 Rd1+ 30. Kf2 Rd2+ 31. Ke3 Rxb2 32. Rxb6 Kf7 33. Nd6+
Bxd6 34. Rxb2 1-0

[Event "Massy Op"]
[Site "Massy"]
[Date "10.06.27"]
[Round "?"]
[White "Trkulja , Nicolas"]
[Black "De Lagontrie, Jean"]
[Result "1/2-1/2"]
[WhiteElo "1725"]
[BlackElo "1965"]
[PlyCount "47"]
[EventDate "2010.06.??"]
[EventType "swiss"]
[EventRounds "7"]
[EventCountry "FRA"]
[WhiteTeamCountry "FRA"]
[BlackTeamCountry "FRA"]

1. d4 d5 2. c4 c6 3. Nc3 e6 4. Nf3 dxc4 5. e3 b5 6. a4 Bb4 7. axb5 cxb5 8. Bd2
Bxc3 9. bxc3 Nf6 10. Qb1 Qd5 11. Ne5 O-O 12. f3 Nbd7 13. Ra5 a6 14. Bxc4 Qb7
15. Nxd7 Bxd7 16. Bd3 Bc6 17. e4 Rfd8 18. Qb4 Nxe4 19. fxe4 Bxe4 20. Bxe4 Qxe4+
21. Kf2 Qf5+ 22. Ke2 Qg6 23. Kf2 Qf5+ 24. Ke2 1/2-1/2

[Event "Massy Op"]
[Site "Massy"]
[Date "10.06.27"]
[Round "?"]
[White "Preschez,  Francois"]
[Black "Rubcke, Horst"]
[Result "1-0"]
[WhiteElo "1850"]
[BlackElo "1615"]
[PlyCount "61"]
[EventDate "2010.06.??"]
[EventType "swiss"]
[EventRounds "7"]
[EventCountry "FRA"]
[WhiteTeamCountry "FRA"]
[BlackTeamCountry "FRA"]

1. e4 e5 2. Nf3 Nc6 3. Bb5 Nf6 4. O-O d6 5. d4 exd4 6. Nxd4 Bd7 7. Nc3 Be7 8.
Nxc6 bxc6 9. Bc4 O-O 10. Bg5 Rb8 11. Bb3 a5 12. Qd3 Be6 13. Bxe6 fxe6 14. b3
Ra8 15. a4 Nd7 16. Bxe7 Qxe7 17. f4 Rf6 18. Rf3 Nc5 19. Qe3 Raf8 20. Raf1 Rb8
21. Rd1 Qf8 22. Ne2 Rh6 23. e5 d5 24. Nd4 Rb6 25. f5 Qe7 26. f6 Qf7 27. Rdf1
Qh5 28. Rh3 Qf7 29. Rxh6 gxh6 30. Qxh6 Qg6 31. f7+ 1-0

[Event "Massy Op"]
[Site "Massy"]
[Date "10.06.27"]
[Round "?"]
[White "Champagne, Pascal"]
[Black "Vernier,  Maurice"]
[Result "1-0"]
[WhiteElo "1685"]
[BlackElo "1360"]
[PlyCount "77"]
[EventDate "2010.06.??"]
[EventType "swiss"]
[EventRounds "7"]
[EventCountry "FRA"]
[WhiteTeamCountry "FRA"]
[BlackTeamCountry "FRA"]

1. d4 d6 2. Nf3 g6 3. c4 Bg7 4. e3 Nf6 5. Nbd2 O-O 6. b3 Nbd7 7. Bb2 Ne8 8. h4
c5 9. h5 e5 10. hxg6 fxg6 11. Ne4 exd4 12. Neg5 Ndf6 13. exd4 Qa5+ 14. Qd2
Qxd2+ 15. Kxd2 h6 16. Nh3 Ne4+ 17. Ke1 cxd4 18. Bd3 Bf5 19. Nh4 Nc7 20. Nxf5
gxf5 21. Nf4 Rae8 22. Kf1 Kh7 23. Ba3 Nc5 24. Bxc5 dxc5 25. Rh5 Re5 26. g4 Re4
27. Rxf5 Rfe8 28. Rxc5 Na6 29. Rb5 b6 30. Re1 Nc5 31. Rxc5 bxc5 32. Rxe4 Rxe4
33. Bxe4+ Kg8 34. Ne6 Bf8 35. Bd5 Bd6 36. Nxc5+ Kh8 37. Ne4 Be5 38. Ke2 Kg7 39.
f3 1-0

[Event "Massy Op"]
[Site "Massy"]
[Date "2010.06.27"]
[Round "?"]
[White "Albaric, Etienne"]
[Black "Gaudin, Roger"]
[Result "1-0"]
[WhiteElo "1727"]
[BlackElo "1597"]
[PlyCount "37"]
[EventDate "2010.06.??"]
[EventType "swiss"]
[EventRounds "7"]
[EventCountry "FRA"]
[WhiteTeamCountry "FRA"]
[BlackTeamCountry "FRA"]

1. e4 e6 2. d4 d5 3. e5 c5 4. c3 Nc6 5. Nf3 Qb6 6. Bd3 Bd7 7. dxc5 Bxc5 8. O-O
Nge7 9. b4 Bxb4 10. cxb4 Qxb4 11. Na3 Qc3 12. Rb1 Nxe5 13. Nxe5 Qxe5 14. Rxb7
Qd6 15. Nb5 Bxb5 16. Bxb5+ Kd8 17. Qa4 Qe5 18. Rd7+ Kc8 19. Qa6+ 1-0

[Event "Massy Op"]
[Site "Massy"]
[Date "10.06.27"]
[Round "?"]
[White "Peignien, Laurent"]
[Black "Imbert, Gerard"]
[Result "1/2-1/2"]
[WhiteElo "1526"]
[BlackElo "1694"]
[PlyCount "57"]
[EventDate "2010.06.??"]
[EventType "swiss"]
[EventRounds "7"]
[EventCountry "FRA"]
[WhiteTeamCountry "FRA"]
[BlackTeamCountry "FRA"]

1. e4 c5 2. c3 d5 3. exd5 Qxd5 4. d4 e6 5. Nf3 Nf6 6. Be2 Be7 7. O-O O-O 8. h3
Nc6 9. Be3 cxd4 10. cxd4 b6 11. Nc3 Qd8 12. Rc1 Bb7 13. Bd3 Rc8 14. Bb1 Nb4 15.
Ng5 h6 16. Nge4 Nxe4 17. Nxe4 Rxc1 18. Qxc1 Qd5 19. a3 Rc8 20. Qd2 Na6 21. f3
f5 22. Nc3 Qd7 23. Bf4 g5 24. Be5 Bd6 25. Re1 Bxe5 26. Rxe5 Nc7 27. Ba2 Bd5 28.
Bb1 Bb7 29. Ba2 1/2-1/2

[Event "Massy Op"]
[Site "Massy"]
[Date "10.06.27"]
[Round "?"]
[White "Legrand, Claire"]
[Black "Benmenni, Boubekeur"]
[Result "0-1"]
[WhiteElo "1593"]
[BlackElo "1726"]
[PlyCount "28"]
[EventDate "2010.06.??"]
[EventType "swiss"]
[EventRounds "7"]
[EventCountry "FRA"]
[WhiteTeamCountry "FRA"]
[BlackTeamCountry "FRA"]

1. e4 d6 2. d4 Nd7 3. Nc3 e5 4. f4 exf4 5. Bxf4 Be7 6. Nf3 Ngf6 7. Bc4 O-O 8.
O-O c5 9. e5 dxe5 10. Nxe5 cxd4 11. Ne2 Bc5 12. Kh1 Nxe5 13. Bxe5 Ng4 14. Nxd4
Nxe5 0-1

[Event "Massy Op"]
[Site "Massy"]
[Date "10.06.27"]
[Round "?"]
[White "Baldi, Valentine"]
[Black "Plantet, Marc"]
[Result "0-1"]
[WhiteElo "1622"]
[BlackElo "1914"]
[PlyCount "70"]
[EventDate "2010.06.??"]
[EventType "swiss"]
[EventRounds "7"]
[EventCountry "FRA"]
[WhiteTeamCountry "FRA"]
[BlackTeamCountry "FRA"]

1. d4 d5 2. c4 Nc6 3. cxd5 Qxd5 4. Nf3 e5 5. Nc3 Bb4 6. a3 Bxc3+ 7. bxc3 Bg4 8.
e3 e4 9. c4 Qh5 10. Qa4 exf3 11. d5 Bd7 12. g3 Ne5 13. Qb4 b6 14. Bb2 Nf6 15.
Rd1 Ne4 16. Bxe5 Qxe5 17. Rb1 a5 18. Qb2 Qxb2 19. Rxb2 Nc5 20. d6 cxd6 21. Rxb6
Ke7 22. Kd2 Rhb8 23. Rxb8 Rxb8 24. Bd3 Rb2+ 25. Bc2 Ba4 26. Rc1 Ne4+ 27. Kd3
Rxc2 28. Rxc2 Bxc2+ 29. Kxc2 Nxf2 30. Kd2 Ng4 31. h3 Ne5 32. c5 dxc5 33. Ke1 c4
34. Kd2 f2 35. Ke2 c3 0-1

[Event "Massy Op"]
[Site "Massy"]
[Date "10.06.27"]
[Round "?"]
[White "Gandolfo, Georges"]
[Black "Robert, Jean Marie"]
[Result "0-1"]
[WhiteElo "1604"]
[BlackElo "1834"]
[PlyCount "95"]
[EventDate "2010.06.??"]
[EventType "swiss"]
[EventRounds "7"]
[EventCountry "FRA"]
[WhiteTeamCountry "FRA"]
[BlackTeamCountry "FRA"]

1. g4 d5 2. Bg2 c6 3. h3 e5 4. d3 Bd6 5. e4 d4 6. Nf3 h6 7. b3 Nf6 8. Ba3 Bxa3
9. Nxa3 Qa5+ 10. c3 Qxa3 11. cxd4 exd4 12. Qd2 c5 13. O-O Nc6 14. Rfc1 O-O 15.
e5 Nd5 16. Nxd4 cxd4 17. Bxd5 Nxe5 18. f4 Qd6 19. Be4 Ng6 20. Rf1 Rb8 21. Qf2
f5 22. gxf5 Bxf5 23. Rae1 Bxe4 24. Rxe4 Rbd8 25. Kg2 Qf6 26. Qg3 Nh4+ 27. Kh2
Nf5 28. Qf2 Qh4 29. Qxh4 Nxh4 30. Rf2 Nf5 31. Rc2 Rc8 32. Rc4 Rxc4 33. bxc4 g6
34. h4 Nxh4 35. Re7 Rf7 36. Re8+ Kg7 37. Rd8 Nf5 38. Kh3 Re7 39. Kg4 Kf7 40.
Rd5 Ne3+ 41. Kf3 Nxd5 42. cxd5 Re3+ 43. Kg4 Kf6 44. d6 Ke6 45. f5+ gxf5+ 46.
Kf4 Rxd3 47. d7 Kxd7 48. Kxf5 0-1

[Event "Massy Op"]
[Site "Massy"]
[Date "10.06.27"]
[Round "?"]
[White "Levesque, Thomas"]
[Black "Cambus , Patrick"]
[Result "1-0"]
[WhiteElo "1974"]
[BlackElo "1728"]
[PlyCount "93"]
[EventDate "2010.06.??"]
[EventType "swiss"]
[EventRounds "7"]
[EventCountry "FRA"]
[WhiteTeamCountry "FRA"]
[BlackTeamCountry "FRA"]

1. d4 Nf6 2. c4 e5 3. e3 exd4 4. exd4 Bb4+ 5. Bd2 Qe7+ 6. Qe2 O-O 7. Qxe7 Bxe7
8. Bd3 d5 9. c5 Nc6 10. Ne2 b6 11. b4 a5 12. b5 Nb4 13. Bxb4 axb4 14. cxb6 cxb6
15. O-O Ne4 16. Bxe4 dxe4 17. Nd2 Bd7 18. Nxe4 Bxb5 19. N4g3 Bc4 20. Rfe1 Rxa2
21. Rab1 b3 22. Nc1 Bb4 23. Rd1 Ra3 24. Nd3 Bxd3 25. Rxd3 b2 26. Rdd1 Ra2 27.
Kf1 Rd8 28. Ne2 f6 29. f3 Kf7 30. Kf2 Ke6 31. Rd3 Ra3 32. Rxb2 Rxd3 33. Nf4+
Kf5 34. Nxd3 Ba5 35. Rb5+ Kg6 36. d5 Rd6 37. Ke3 f5 38. Ne5+ Kf6 39. Nc4 Rd7
40. Kd4 Be1 41. Rxb6+ Kg5 42. Rb2 g6 43. d6 Kf4 44. g3+ Kg5 45. Kd5 Kf6 46. f4
Kg7 47. Ne5 1-0

[Event "Massy Op"]
[Site "Massy"]
[Date "10.06.27"]
[Round "?"]
[White "Bagoe, Stephen"]
[Black "Tchimichkian, Vardan"]
[Result "0-1"]
[WhiteElo "1703"]
[BlackElo "1565"]
[PlyCount "98"]
[EventDate "2010.06.??"]
[EventType "swiss"]
[EventRounds "7"]
[EventCountry "FRA"]
[WhiteTeamCountry "FRA"]
[BlackTeamCountry "FRA"]

1. c4 b5 2. b3 e5 3. Bb2 e4 4. e3 f5 5. Nh3 Nf6 6. cxb5 d5 7. Be2 Bd6 8. Nf4
Bb7 9. Nh5 Qe7 10. Nxf6+ gxf6 11. Bh5+ Kd8 12. f4 Nd7 13. d4 Qg7 14. Qe2 Nf8
15. Nd2 Ne6 16. O-O-O a5 17. g4 Qh6 18. gxf5 Ng7 19. Bg4 a4 20. h3 axb3 21.
axb3 Ke7 22. Kc2 c5 23. bxc6 Bxc6 24. Ra1 Rhc8 25. Kb1 Rab8 26. Rc1 Bb5 27.
Ra7+ Kd8 28. Rxc8+ Kxc8 29. Qd1 Bd3+ 30. Ka2 Rb6 31. Qc1+ Kb8 32. Ra5 Ne8 33.
Nb1 Qg7 34. Na3 Qb7 35. Bd1 Nc7 36. Qd2 Bb4 37. Bc3 Bxa5 38. Bxa5 Rc6 39. b4
Nb5 40. Nxb5 Qxb5 41. Bb3 Bc4 42. h4 Bxb3+ 43. Kxb3 Qd3+ 44. Qxd3 exd3 45. b5
Rc8 46. Bc3 Re8 47. Bd2 Rc8 48. Bc3 Kb7 49. Kb4 Kb6 0-1

[Event "Massy Op"]
[Site "Massy"]
[Date "10.06.27"]
[Round "?"]
[White "Frere , Mehdi"]
[Black "Tirel,  Marcel"]
[Result "1/2-1/2"]
[WhiteElo "1320"]
[BlackElo "1680"]
[PlyCount "123"]
[EventDate "2010.06.??"]
[EventType "swiss"]
[EventRounds "7"]
[EventCountry "FRA"]
[WhiteTeamCountry "FRA"]
[BlackTeamCountry "FRA"]

1. e4 c6 2. d4 d5 3. e5 Bf5 4. Bd3 Bxd3 5. Qxd3 Qa5+ 6. c3 Qa6 7. Qxa6 Nxa6 8.
f4 e6 9. Nf3 c5 10. Bd2 cxd4 11. cxd4 Ne7 12. O-O Nc6 13. a3 Be7 14. Be1 O-O
15. Nc3 Nc7 16. Rd1 Rac8 17. Bh4 Bxh4 18. Nxh4 Na5 19. f5 Nc4 20. Rf2 a6 21. a4
Na8 22. b3 Nxe5 23. Nxd5 Nc6 24. Ne3 Nb6 25. Nc4 Nxc4 26. bxc4 Nb4 27. fxe6
Rxc4 28. e7 Re8 29. Nf5 Rc7 30. d5 Rd7 31. d6 Nc6 32. Ne3 f6 33. Nc4 Nxe7 34.
Re2 Red8 35. Rde1 Nf5 36. Re8+ Kf7 37. Rxd8 Rxd8 38. Rb1 Rd7 39. g4 Nd4 40. Kf2
b5 41. Rd1 bxc4 42. Rxd4 c3 43. Ke2 Ke6 44. Kd3 c2 45. Kxc2 Rxd6 46. Kc3 Rc6+
47. Kb4 Rc2 48. h3 Ke5 49. Rd7 Rh2 50. Rxg7 Rxh3 51. Ka5 Rg3 52. Rxh7 Rxg4 53.
Ra7 f5 54. Rxa6 f4 55. Rb6 Kd4 56. Rb1 Rg5+ 57. Kb6 f3 58. a5 f2 59. Rf1 Ke3
60. a6 Ke2 61. a7 Rg8 62. Rxf2+ 1/2-1/2